Städte und Gemeinden im Landkreis Vechta mit Karte - Statistiken

Allgemein
  • Dieses Quiz wurde 187 mal gespielt
  • Das Durchschnittsergebnis liegt bei 7 aus 10
Antworten auf der Karte
Die Antworten werden auf der Karte rot bzw. grün angezeigt, abhängig davon wie oft sie richtig erraten wurden.
 
Antwortstatistiken
Stadt oder Gemeinde % Korrekt
Vechta
96%
Lohne (Oldenburg)
92%
Damme
78%
Dinklage
77%
Steinfeld (Oldenburg)
65%
Visbek
62%
Goldenstedt
61%
Holdorf
58%
Bakum
51%
Neuenkirchen-Vörde
41%
Keine übereinstimmenden Quizze gefunden
Verteilung der Resultate
Anzahl Personen mit jedem Resultat
Perzentil nach korrekt beantworteten Fragen
Ihre Resultats-Entwicklung
Sie haben dieses Quiz noch nicht gespielt